A Bible reader's history of the ancient worldA Bible reader's history of the ancient world / (Registro nro. 30580)

Detalles MARC
000 -LEADER
campo de control de longitud fija 02778cam a22004694i 4500
003 - IDENTIFICADOR DE NÚMERO DE CONTROL
campo de control PE-LiUPU
005 - FECHA Y HORA DE LA ÚLTIMA TRANSACCIÓN
campo de control 20250731173111.0
008 - DATOS DE LONGITUD FIJA--INFORMACIÓN GENERAL
campo de control de longitud fija 181221s2016 utua r 001 0 eng
020 ## - NÚMERO INTERNACIONAL ESTÁNDAR DEL LIBRO
Número Internacional Estándar del Libro 1944394028
020 ## - NÚMERO INTERNACIONAL ESTÁNDAR DEL LIBRO
Número Internacional Estándar del Libro 9781944394028
035 ## - NÚMERO DE CONTROL DEL SISTEMA
Número de control de sistema (Sirsi) a251130
049 ## - FONDOS LOCALES (OCLC)
Biblioteca depositaria PRUA
082 04 - NÚMERO DE LA CLASIFICACIÓN DECIMAL DEWEY
Número de clasificación 220.9
Cutter C66
Número de edición 23
245 02 - MENCIÓN DEL TÍTULO
Título A Bible reader's history of the ancient worldA Bible reader's history of the ancient world /
Mención de responsabilidad, etc. edited by Kent P.
264 #1 - PRODUCCIÓN, PUBLICACIÓN, DISTRIBUCIÓN, FABRICACIÓN Y COPYRIGHT
Producción, publicación, distribución, fabricación y copyright Provo :
Nombre del de productor, editor, distribuidor, fabricante The Jerusalem Center for Near Eastern Studies, Brigham Young University,
Fecha de producción, publicación, distribución, fabricación o copyright [2016].
300 ## - DESCRIPCIÓN FÍSICA
Extensión ix, 450 páginas :
Otras características físicas ilustraciones;
Dimensiones 25 centímetros
336 ## - TIPO DE CONTENIDO
Término de tipo de contenido text
Fuente rdacontent
337 ## - TIPO DE MEDIO
Nombre/término del tipo de medio unmediated
Fuente rdamedia
338 ## - TIPO DE SOPORTE
Nombre/término del tipo de soporte volume
Fuente rdacarrier
504 ## - NOTA DE BIBLIOGRAFÍA, ETC.
Nota de bibliografía, etc. Índice: páginas 432-450.
505 0# - NOTA DE CONTENIDO CON FORMATO
Nota de contenido con formato Getting to know the ancient world -- The world of the Bible -- Archaeology -- The earliest civilizations and cities of the Near East -- Old Testament backgrounds -- Early Mesopotamia -- Egypt's Old Kingdom -- Egypt's Middle Kingdom and Second Intermediate Period -- Genesis and the ancient Near East -- The Canaanites -- Egypt's New Kingdom -- The exodus -- Sea peoples and Philistines -- Israel's conquest and settlement -- Early Israel in Canaan -- Israel's United Monarchy (1030?-931 BCE) -- Temples in the Near East and Israel -- The Neo-Assyrian Empire -- Ammonites, Moabites, Phoenicians, Arameans, and Edomites -- Israel's Divided Monarchy, part 1 (930-841 BCE ) -- Israel's Divided Monarchy, part 2 (841-722 BCE) -- Judah alone (722-586 BCE) -- The Neo-Babylonian Empire --The fall of Judah and the exile -- The Persian Empire and the restored Jewish nation -- New Testament backgrounds -- The Greeks and Alexander the Great -- The Hellenistic Age -- The Romans -- The time of Herod the Great -- Roman Palestine after Herod the Great -- Intertestamental literature and the Dead Sea scrolls -- After the Bible -- Early Christianity -- The Byzantine Period -- Palestine and the Arabs -- Medieval Palestine and the Crusades.
526 ## - NOTA DE INFORMACIÓN SOBRE EL PROGRAMA DE ESTUDIO
Nombre del programa Segunda Especialidad En Profecías Bíblicas
526 ## - NOTA DE INFORMACIÓN SOBRE EL PROGRAMA DE ESTUDIO
Nombre del programa Segunda Especialidad En Nuevo Testamento
526 ## - NOTA DE INFORMACIÓN SOBRE EL PROGRAMA DE ESTUDIO
Nombre del programa Segunda Especialidad En Antiguo Testamento
526 ## - NOTA DE INFORMACIÓN SOBRE EL PROGRAMA DE ESTUDIO
Nombre del programa Segunda Especialidad En Estudios Adventistas
526 ## - NOTA DE INFORMACIÓN SOBRE EL PROGRAMA DE ESTUDIO
Nombre del programa Doctorado en teología
526 ## - NOTA DE INFORMACIÓN SOBRE EL PROGRAMA DE ESTUDIO
Nombre del programa Maestría en teología histórica
526 ## - NOTA DE INFORMACIÓN SOBRE EL PROGRAMA DE ESTUDIO
Nombre del programa Maestría en teología bíblica
526 ## - NOTA DE INFORMACIÓN SOBRE EL PROGRAMA DE ESTUDIO
Nombre del programa Maestría en teología
526 ## - NOTA DE INFORMACIÓN SOBRE EL PROGRAMA DE ESTUDIO
Nombre del programa Maestría en misionología
526 ## - NOTA DE INFORMACIÓN SOBRE EL PROGRAMA DE ESTUDIO
Nombre del programa Maestría en liderazgo eclesiástico
526 ## - NOTA DE INFORMACIÓN SOBRE EL PROGRAMA DE ESTUDIO
Nombre del programa Teología
596 ## -
-- 1
650 #0 - PUNTO DE ACCESO ADICIONAL DE MATERIA--TÉRMINO DE MATERIA
Término de materia o nombre geográfico como elemento de entrada Biblia
Subdivisión general Antigüedades.
650 #0 - PUNTO DE ACCESO ADICIONAL DE MATERIA--TÉRMINO DE MATERIA
Término de materia o nombre geográfico como elemento de entrada Biblia
Subdivisión general Historia de eventos bíblicos.
700 1# - ENTRADA AGREGADA--NOMBRE PERSONAL
Nombre de persona Jackson, Kent P.,
Término indicativo de función/relación editor.
910 ## - DATOS DE OPCIÓN DEL USUARIO (OCLC)
Datos de opción del usuario dbm
-- rri
-- rri
-- 20181221
942 ## - ELEMENTOS DE ENTRADA SECUNDARIOS (KOHA)
Fuente del sistema de clasificación o colocación Clasificación Decimal Dewey
Tipo de ítem Koha
994 ## -
-- C0
-- PEPRU
999 ## - NÚMEROS DE CONTROL DE SISTEMA (KOHA)
-- DEWEY
-- 79380
-- 2021-11-9
-- 4
-- CCODEBUL1
-- BUL
-- 32.00
-- 1
-- 0
-- Y
-- BOOK
-- 2018-12-21
-- TEOLOGIA
-- P85
-- COMPRA
-- FCOMPR2
-- .STAFF. Colección Teología
980 ## - EQUIVALENCIA O REFERENCIA-CRUZADA-MENCIÓN DE SERIE--NOMBRE DE PERSONA/TÍTULO [LOCAL, CANADÁ]
ID del último usuario que modificó el registro 1
Nombre del último usuario que modificó el registro ALBERTO SANCHEZ Responsable de Automatización
Existencias
Visto por última vez Número de inventario Total de préstamos Signatura topográfica completa Código de barras Fecha del último préstamo Copia número Coste, precio de reemplazo Fecha de reemplazo Facultad Tipo de ítem Koha Nota pública Estado de pérdida Fuente del sistema de clasificación o colocación Restricciones de uso No para préstamo Colección Programa académico Biblioteca de origen Biblioteca actual Ubicación en estantería Fecha de adquisición Fuente de adquisición Coste, precio normal de compra
2025-12-02 5 2 220.9 C66 79380 2024-06-14 e1 37.00 2018-12-21   Libros físicos inventario-2023-12-13 No Perdido Clasificación Decimal Dewey No restringido Disponible para préstamos Colección General Maestría en teología Biblioteca CRAI UPeU Lima Biblioteca CRAI UPeU Lima Sala principal 2018-12-21 COMPRA 32.00